LEADER 02316nam0 22004573i 450 001 RMS1126832 005 20251003044345.0 010 $a8846457080 100 $a20040720d2003 ||||0itac50 ba 101 | $aita 102 $ait 181 1$6z01$ai $bxxxe 182 1$6z01$an 200 1 $aˆIl ‰marketing della ricerca e dell'innovazione$esfide per le imprese e il sistema Paese nell'economia della conoscenza$fa cura di Nicoletta Buratti, Michele Simoni$gintroduzione di Riccardo Varaldo 210 $aMilano$cF. Angeli$d2003 215 $a162 p.$d23 cm 225 | $aEconomia e politica industriale$v246 225 | $aBiblioteca Premio Philip Morris per il marketing 300 $aRelazioni presentate al Convegno tenuto a Roma nel 2003. 410 0$1001CFI0015919$12001 $aEconomia e politica industriale$v246 410 0$1001UFI0237516$12001 $aBiblioteca Premio Philip Morris per il marketing 606 $aRicerche di mercato$2FIR$3CFIC000108$9E 676 $a658.8$9Gestione della distribuzione (Marketing)$v14 676 $a658.83$9GESTIONE DELLA DISTRIBUZIONE (MARKETING). RICERCA DI MERCATO$v21 696 $aInchieste di mercato$aIndagini di mercato$aSondaggi di mercato$aAnalisi di mercato 699 $aRicerche di mercato$yInchieste di mercato 699 $aRicerche di mercato$yIndagini di mercato 699 $aRicerche di mercato$ySondaggi di mercato 699 $aRicerche di mercato$yAnalisi di mercato 702 1$aVaraldo$b, Riccardo$3CFIV027247 702 1$aSimoni$b, Michele$f <1968- >$3CFIV228562 702 1$aBuratti$b, Nicoletta$3UBOV548369 801 3$aIT$bIT-000000$c20040720 850 $aIT-BN0095 $aIT-NA0457 901 $bNAP BI$cSALA 5 $nLibri da 4151 in poi 901 $bNAP 01$cPOZZO LIB.$nVi sono collocati fondi di economia, periodici di ingegneria e scienze, periodici di economia e statistica e altri fondi comprendenti documenti di economia pervenuti in dono. 912 $aRMS1126832 950 0$aBiblioteca Centralizzata di Ateneo$c1 v.$d 01POZZO LIB.ECON MON 442$e 0101 0000190855E VMA 1 v. precedente collocazione sez. DASES B 1240$fB $h20090804$i20090804 977 $a 01$a BI 996 $aMarketing della ricerca e dell'innovazione$967175 997 $aUNISANNIO LEADER 01454nam0 22003491i 450 001 UON00189859 005 20231205103209.965 010 $a88-7741-755-2 100 $a20030730d1993 |0itac50 ba 101 $aita 102 $aIT 105 $a|||| ||||| 200 1 $aˆL'‰istrione iperboreo$ele figurazioni sceniche di Adelaide Ristori ed Ernesto Rossi nel prisma della critica russa contemporanea, (1860-1896)$fMassimo Lenzi 210 $aPisa$cEdizioni ETS$dc1993 215 $a255 p.$d21 cm 410 1$1001UON00172547$12001 $aˆLe ‰arti dello spettacolo. Pisa$eETS$v8 606 $aRISTORI ADELAIDE$3UONC038902$2FI 606 $aROSSI ERNESTO$3UONC038903$2FI 606 $aSPETTACOLI TEATRALI RUSSIA 1860-1896$3UONC038904$2FI 606 $aTeatro$3UONC015874$2FI 606 $aTeatro$xArtisti$3UONC038901$2FI 620 $aIT$dPisa$3UONL000055 676 $a792$cRappresentazioni sceniche$v21 700 1$aLENZI$bMassimo$3UONV111084$0677321 712 $aETS$3UONV257850$4650 801 $aIT$bSOL$c20260116$gRICA 899 $aSIBA - SISTEMA BIBLIOTECARIO DI ATENEO E ARCHIVIO STORICO$2UONSI 912 $aUON00189859 950 $aSIBA - SISTEMA BIBLIOTECARIO DI ATENEO E ARCHIVIO STORICO$dSI Teat 792 C LEN $eSI LO 57394 5 966 $aLetteratura teatrale$zTeatro$3UONC015873 996 $aIstrione iperboreo$91294982 997 $aUNIOR